| 000 | 00972nam a22003017a 4500 | ||
|---|---|---|---|
| 003 | CHAP | ||
| 005 | 20220329140402.0 | ||
| 008 | 971013s1979 r 00010 d | ||
| 010 | _a51223 | ||
| 011 | _a52195 | ||
| 035 | _a56345 | ||
| 040 | _cCHAP | ||
| 090 | _aFolleto 7489 | ||
| 100 | 0 | 0 |
_aRodríguez Z., Enrique. _998972 |
| 245 | _aEvaluación de secuencias en siembras múltiples e intercaladas de hortalizas | ||
| 260 |
_aTegucigalpa, Honduras : _bSecretaría de Recursos Naturales, _c1979 |
||
| 300 |
_a14 p. _b: ilus. ; gráfs. |
||
| 590 |
_aBATCH-UPD _b10 _c20130110 _lUCH01 _h0815 |
||
| 590 |
_aBATCH-UPD _b10 _c20130410 _lUCH01 _h0452 |
||
| 590 |
_aBATCH-UPD _b10 _c20130914 _lUCH01 _h1125 |
||
| 590 |
_aCONVERSION _b10 _c20130109 _lUCH01 _h1328 |
||
| 650 | 1 | 4 |
_aCultivos asociados. _930370 |
| 650 | 1 | 4 |
_aLegumbres. _965680 |
| 700 | 0 |
_aVellani, J. Rolando. _9118477 |
|
| 901 | _aBK | ||
| 942 | _cFOLL | ||
| 949 |
_aFolleto 7489 _bBC _cFOLL _d-123125 _eTS1 _i56345 _si |
||
| 999 |
_c51223 _d51223 |
||